| 000 | 00579cam a2200217 a 4500 | ||
|---|---|---|---|
| 008 | |||
| 020 | _a0471851159 (pbk. ) | ||
| 049 | _aMAIN | ||
| 090 | 0 | _aQD31.2 SEG | |
| 100 | 1 | _aSegal, Bernice G. | |
| 245 | 1 | 0 |
_aChemistry : _bexperiment and theory / _cBernice G. Segal. |
| 250 | _a2nd ed. | ||
| 260 |
_aNew York : _bWiley, _c1988 |
||
| 300 |
_a660 p. : _bill. ; _c26 cm. |
||
| 650 | 0 | _aChemistry. | |
| 907 |
_a.b10245236 _b30-05-07 _c18-05-07 |
||
| 003 | |||
| 005 | 20230123134447.0 | ||
| 040 | _cNUST | ||
| 942 |
_cBOOKS _kQD31.2 SEG |
||
| 999 |
_c166300 _d166300 |
||